| 000 | 01181cam a2200361 a 4500 | ||
|---|---|---|---|
| 003 | CO-BoRNBP | ||
| 005 | 20241011094504.0 | ||
| 007 | ta | ||
| 008 | 990526r20001995mx a jr 00011dspa d | ||
| 020 | _a9681647203 | ||
| 040 |
_ala _cla |
||
| 041 | 1 |
_aspa _heng |
|
| 043 | _ae-uk-en | ||
| 084 | _aN MCC1 | ||
| 100 | 1 |
_aMcCaughrean, Geraldine, _d1952- _942938 |
|
| 245 | 1 | 0 |
_aPolvo de oro / _cGeraldine McCaughrean; ilustraciones de Felipe Dávalos ; traducción de Joaquín Diez-Canedo F. |
| 250 | _a1a. edición | ||
| 300 |
_a285 p. : _bil. ; _c19 cm. |
||
| 336 |
_2rdacontent _atexto _btxt |
||
| 337 |
_2rdamedia _asin mediación _bn |
||
| 338 |
_2rdacarrier _avolumen _bnc |
||
| 534 | _tGold dust. | ||
| 650 | 7 |
_aNovela juvenil inglesa. _2BLAAUTO _91873 |
|
| 650 | 7 |
_aRiqueza _v Novela. _2BLAAUTO _942939 |
|
| 650 | 7 |
_aNovela fantástica. _2BLAAUTO _915736 |
|
| 650 | 7 |
_aImaginación _vNovela. _2BLAAUTO _91763 |
|
| 650 | 7 |
_aLiteratura infantil. _2BLAAUTO _92746 |
|
| 700 | 1 |
_aDávalos, Felipe, _d1942- _eil. _942940 |
|
| 700 | 1 |
_aDiez-Canedo F., Joaquín, _etr. _9318 |
|
| 830 | 0 |
_aEmbajada de México-Colección 1. _942941 |
|
| 942 |
_2ddc _cBKLIT |
||
| 949 |
_an _bn |
||
| 999 |
_c38431 _d38431 |
||